000 00641nam a2200217Ia 4500
003 GCL
005 20240530101756.0
008 140319s9999 xx 000 0 ara d
040 _aGCL /
_cGCL
082 0 4 _a370.1
_bع م
100 1 _aعبدالله الرشدان
245 1 0 _aالمدخل الى التربية والتعليم /
_cعبدالله الرشدان
260 _a[S.N] :
_bدار الشروق ،
_c1994
300 _a366 ص
650 0 4 _aالتعليم
650 0 4 _aالتربية
650 0 4 _aعلم النفس التربوى
650 0 4 _aالثقافة
700 1 _aنعيم جعنينى
942 _2ddc
_cBK
999 _c27648
_d27648